| 000 | 00344nam a2200133Ia 4500 | ||
|---|---|---|---|
| 008 | 240624s9999 xx 000 0 und d | ||
| 041 | _aeng | ||
| 082 | _a650.13 GRI | ||
| 100 | _aGRIFFIN GERRY | ||
| 245 | _aGAMES COMPANIES PLAY | ||
| 260 |
_c2003 _aUnited Kingdom _bCapstone Publishing |
||
| 300 | _axii, : 146 : p. : cm. ; 23 | ||
| 365 |
_cRS _b25 |
||
| 999 |
_c4479 _d4479 |
||